War, morality, and the military profession / (Record no. 59609)
[ view plain ]
| 000 -LEADER | |
|---|---|
| fixed length control field | 00904nam a2200301 a 4500 |
| 001 - CONTROL NUMBER | |
| control field | 59609 |
| 003 - CONTROL NUMBER IDENTIFIER | |
| rucl marc code | BD-RjUL |
| 005 - DATE AND TIME OF LATEST TRANSACTION | |
| control field | 20211209080741.0 |
| 008 - FIXED-LENGTH DATA ELEMENTS--GENERAL INFORMATION | |
| fixed length control field | 161226s1979 cou b 000 0 eng |
| 020 ## - INTERNATIONAL STANDARD BOOK NUMBER | |
| International Standard Book Number | 0891586709 : |
| Terms of availability | 17.50 |
| International Standard Book Number | 089158661X (pbk.) : |
| Terms of availability | 8.95 |
| 035 ## - SYSTEM CONTROL NUMBER | |
| System control number | MITb10085020 |
| System control number | (BD-RjUL) 59733 |
| System control number | GLIS00085020 |
| 040 ## - CATALOGING SOURCE | |
| Original cataloging agency | DLC |
| Transcribing agency | DLC |
| Modifying agency | MYG |
| -- | BD-RjUL |
| Language of cataloging | eng |
| 041 ## - LANGUAGE CODE | |
| Language code of text/sound track or separate title | eng |
| 082 ## - DEWEY DECIMAL CLASSIFICATION NUMBER | |
| Edition number | 23 |
| Classification number | 306.27 |
| Author mark and year | WAR 1979 |
| 099 ## - LOCAL FREE-TEXT CALL NUMBER (OCLC) | |
| Bangla Class number | U22.W36 |
| 245 00 - TITLE STATEMENT | |
| Title | War, morality, and the military profession / |
| Statement of responsibility, etc. | edited by Malham M. Wakin. |
| 260 ## - PUBLICATION, DISTRIBUTION, ETC. (IMPRINT) | |
| Place of publication, distribution, etc. | Boulder, Colo. : |
| Name of publisher, distributor, etc. | Westview Press, |
| Date of publication, distribution, etc. | c1979. |
| 300 ## - PHYSICAL DESCRIPTION | |
| Pagination | x, 531 p. ; |
| Size | 24 cm. |
| 504 ## - BIBLIOGRAPHY, ETC. NOTE | |
| Bibliography, etc | Includes bibliographical references. |
| 650 #0 - SUBJECT ADDED ENTRY--TOPICAL TERM | |
| Topical term or geographic name as entry element | Military ethics. |
| 9 (RLIN) | 177315 |
| Topical term or geographic name as entry element | War |
| General subdivision | Moral and ethical aspects. |
| 9 (RLIN) | 177316 |
| Topical term or geographic name as entry element | Armed Forces. |
| 9 (RLIN) | 177317 |
| 700 1# - ADDED ENTRY--PERSONAL NAME | |
| Personal name | Wakin, Malham M. |
| 942 ## - ADDED ENTRY ELEMENTS (KOHA) | |
| Source of classification or shelving scheme | Dewey Decimal Classification |
| Koha item type | Books |
| Lost status | Source of classification or shelving scheme | Damaged status | Not for loan | Collection code | Permanent Location | Current Location | Shelving location | Date acquired | Source of acquisition | Total Checkouts | Full call number | Date last seen | Copy number | Koha item type |
|---|---|---|---|---|---|---|---|---|---|---|---|---|---|---|
| Dewey Decimal Classification | Not For Loan | Non-fiction | Central Library, University of Rajshahi | Central Library, University of Rajshahi | Reading Room | 17/04/1990 | Asia Foundation | 306.27 WAR 1979 | 26/12/2016 | C-1 | Books |